01219pam a2200361 i 4500001001400000003000400014005001700018008004100035015001400076020003800090040002900128041001300157082001400170100003300184245010800217246005000325246004300375264005500418300005000473336002100523337002500544338002300569546003900592650001500631650002600646650002500672650001400697650002200711650002400733651003800757651002800795651003400823vtls000868310PNM20191204145842.0190108s2019 my ao e 000 0deng  aM19-02015 a9789671566718qpaperbackcRM31.41 aBNMbengcBNMerdadPPAK1 aengamay04a959.52230 aAnas Zubedy,d1964-eauthor.14aTHE 10 PRINCIPLES FOR MODERATE MALAYSIANS =b10 Prinsip Kesederhanaan Rakyat Malaysia /cby anas zubedy33aSepuluh prinsip kesederhanaan rakyat Malaysia33aTen principles for moderate Malaysians 1aKuala Lumpur :bZubedy Ideahouse Sdn Bhd,c[2019?] avii, 121 pages :bcolour photographs ;c24 cm atext2rdacontent aunmediated2rdamedia avolume2rdacarrier aText parallel in Malay and English10aMalaysians20aNationalismzMalaysia20aPatriotismzMalaysia20aEtiquette20aCivics, Malaysian20aManners and customs 0aMalaysiaxSocial life and customs 0aMalaysiaxSocial policy 0aMalaysiaxEconomic conditions